From Marx and Mao to the market: The economics and politics of agricultural transition (Record no. 42674)

MARC details
000 -LEADER
fixed length control field 00449nam a2200145Ia 4500
020 ## - INTERNATIONAL STANDARD BOOK NUMBER
ISBN 0199288917
082 ## - DEWEY DECIMAL CLASSIFICATION NUMBER
Classification number 338.43.02
Item number SWI
100 ## - MAIN ENTRY--AUTHOR NAME
Personal name Rozelle, Scott
245 #0 - TITLE STATEMENT
Title From Marx and Mao to the market: The economics and politics of agricultural transition
260 ## - PUBLICATION, DISTRIBUTION, ETC. (IMPRINT)
Place of publication Oxford
Name of publisher Oxford University Press
Year of publication 2006
650 ## - SUBJECT ADDED ENTRY--TOPICAL TERM
Topical Term Agricultural transition
700 ## - ADDED ENTRY--PERSONAL NAME
Personal name Swinnen, Johan F M
942 ## - ADDED ENTRY ELEMENTS (KOHA)
Koha item type Books
Holdings
Withdrawn status Lost status Damaged status Not for loan Home library Current library Date acquired Cost, normal purchase price Full call number Accession Number Koha item type
        RRII Library RRII Library 16/12/2021 90.00 338.43.02 SWI 22941 Books